| 000 | 00634nam a2200217 a 4500 | ||
|---|---|---|---|
| 005 | 20240925065125.0 | ||
| 008 | 991125s1985 mx 000 0 spa u | ||
| 020 | _a9682201022 | ||
| 035 | _aUPN01000039576 | ||
| 049 | _aCG | ||
| 050 | 4 |
_aHM271 _bF7.5a |
|
| 100 | 1 |
_aFromm, Erich, _d1900-1980 _928370 |
|
| 245 | 1 | 3 |
_aEl miedo a la libertad / _cErich Fromm. |
| 260 |
_aMéxico : _bArtemisa : _bOrigen/Planeta, _c1985. |
||
| 300 | _axiii, 325 p. | ||
| 440 | 0 |
_aObras maestras del pensamiento contemporáneo ; _v2 |
|
| 650 | 4 |
_aDemocracia _96020 |
|
| 650 | 7 |
_aLibertad _2 _95326 |
|
| 650 | 4 |
_aPsicología social _95889 |
|
| 905 | _aLibro | ||
| 999 |
_c39576 _d39576 |
||